| 000 | 00416nam a2200181Ia 4500 | ||
|---|---|---|---|
| 001 | 10665 | ||
| 005 | 20260306161849.0 | ||
| 008 | 260306t1972||||xx |||||||||||||| ||spa|| | ||
| 041 | _aESP | ||
| 082 |
_a946.05 _bL595 |
||
| 100 |
_aLynch, John _eAUT |
||
| 245 | 0 | _aEspaña bajo los austrias | |
| 260 | _c1972 | ||
| 300 |
_a394 páginas : _c20 cm. |
||
| 650 | _aGEN | ||
| 654 | _aCHU | ||
| 942 |
_cLIB _dJUS _fJUS _2ddc _n |
||
| 999 |
_c10665 _d10665 |
||